| 000 | 00671nam a2200145Ia 4500 | ||
|---|---|---|---|
| 008 | 100122s9999 xx 000 0 und d | ||
| 082 |
_b21508 _a780.54 |
||
| 100 | _aशर्मा विष्णु | ||
| 245 | _aहिंदुस्थानी संगीत पध्दति भाग - 3 (क.क्र.28/2 ) | ||
| 260 |
_bभालचंद्र सी सुखथनकर _c1914 |
||
| 300 | _a478 | ||
| 630 | _aहिंदुस्थानी संगीत पध्दति भाग - 3 (क.क्र.28/2 ) | ||
| 730 | _aहिंदुस्थानी संगीत पध्दति भाग - 3 (क.क्र.28/2 ) | ||
| 942 | _cBOOK | ||
| 999 |
_c409522 _d409519 |
||